000 00674cab a22002055a 4500
001 L152480
008 110314e20110311xxkd f s 000 0 eng d
035 _a(Sirsi) u152480
041 0 _aeng
110 2 _aExperian Business Strategies
_94789
245 0 4 _aThe tracker
_bearly risers
260 _c2011
490 _aBuilding
_v276 (8669) 11 March 2011, 44-45(2)
520 _aEconomic summary of the state of play, leading construction activity indicator, labour costs, regional perspective in the UK.
590 _aKA
650 2 4 _aEXPERIAN CONSTRUCTION INDUSTRY FOCUS
651 4 _aUnited Kingdom
_y
690 _aBUILT ENVIRONMENT-CONSTRUCTION MARKET
942 _n0
999 _c82981
_d82981